000 00183 a2200097 4500
020 _a9780307948342
041 _aeng
100 _aJacob Tomsky
245 _aHeads in Beds
942 _cBK
999 _c27700
_d27700